Państwa Europy graniczące z państwami na literę F (z mapą) - Statystyki

Ogólne statystyki
  • Ten quiz został rozwiązany 63 razy
  • Średni wynik to 11 z 11
Odpowiedzi na mapie
Odpowiedzi zakodowano w zielono-czerwonej skali na mapie do tego quizu, zgodnie z poniższymi procentami.
 
Statystyki odpowiedzi
Państwo % Poprawnych
Andora
100%
Hiszpania
100%
Niemcy
100%
Rosja
100%
Norwegia
98%
Szwajcaria
98%
Szwecja
98%
Włochy
98%
Belgia
96%
Luksemburg
96%
Monako
95%
Nie znaleziono quizów pasujących do podanych kryteriów
Rozkład punktacji
Procent ludzi z każdym wynikiem
Percentyl według liczby udzielonych odpowiedzi
Twoja historia wyników
Nie rozwiązałeś tego quizu